| 000 | 00805pam a2200253 a 4500 | ||
|---|---|---|---|
| 001 | 548716 | ||
| 005 | 20231123011638.0 | ||
| 008 | 880629s1989 enkcf 000 0 eng | ||
| 020 | _a0080364829 : | ||
| 020 | _a0080364810 (pbk.) : | ||
| 040 |
_aDLC _cDLC _dDLC |
||
| 082 | 0 | 0 |
_a305.4/2/0947 _219 _bTAY. |
| 100 | 1 | _aMamonova, Tatyana, | |
| 245 | 1 | 0 |
_aRussian women's studies : _bessays on sexism in Soviet culture / _cby Tatyana Mamonova ; with the assistance of Margaret Maxwell. |
| 250 | _a1st ed. | ||
| 260 |
_aOxford ; _aNew York : _bPergamon Press, _c1989. |
||
| 300 | _axiv, 178 p. [2] leaves of plates : | ||
| 500 | _aEssays originally published 1984-1987 and translated into English. | ||
| 650 | 0 | _aWomen | |
| 650 | 0 | _aFeminism | |
| 650 | 0 | _aSexism | |
| 700 | 1 | _aMaxwell, Margaret. | |
| 942 | _cL | ||
| 999 |
_c61 _d61 |
||